Statistiques concernant Villes françaises terminées par "ville"

Cliquez ici pour prendre le quiz!

Statistiques générales

  • Ce quiz a été pris 122 fois
  • Le résultat moyen est 5 sur 14

Statistiques - réponses

IndiceVille% Correct
08 - MézièresCharleville
83%
80Abbeville
50%
14Deauville
46%
73Albertville
44%
57Thionville
43%
14Trouville
41%
54Lunéville
34%
88 - ville thermaleContrexeville
32%
50Granville
24%
12Decazeville
19%
95130Franconville
19%
95190Goussainville
14%
95460Ezanville
6%
77650Longueville
5%

Distribution des résultats

Percentile par nombre de réponses

% des personnes avec chaque résultat

Votre développement - résultats

Vous n’avez pas pris ce quiz